000 00329nam a22001457a 4500
999 _c8967
_d8967
003 OSt
008 200714b ||||| |||| 00| 0 eng d
100 _aKaushik , Anubha
245 _aEnviromental Sciences
250 _a2019
260 _aNew Delhi
_bNew Age
300 _a213
650 _aBiology and EVS
942 _2ddc
_cBK
_01